000 00396 a2200157 4500
001 178732
020 _a
040 _cMagnum
100 _aTomassini, Maria Beatriz Altenfelder
240 1 0 _aUm bebe assim... igualzinho a mim
_lpor
245 1 0 _aUm bebe assim... igualzinho a mim
362 0 _a1899
440 1 _aAo Livro Técnico
697 _aMAGNITO: IJ/AVENTURA, CRIANCAS
942 _cBK
999 _c178732
_d178732